| 000 | 00417nam a2200121Ia 4500 | ||
|---|---|---|---|
| 008 | 200922s9999 xx 000 0 und d | ||
| 020 | _a978-621-406-156-3 | ||
| 100 | _aZoleta, Ma. Antonieta | ||
| 245 |
_cMa. Antonieta G. Zoleta, Eva Marie C. Dugyon, Imelda N. Binay-an, et.al _aPurposive communication/ |
||
| 260 |
_aManila: _bMindshapers Co., Inc. _c2018 |
||
| 300 |
_avi, 198 pages _c25 cm. |
||
| 650 | _aCommunication | ||
| 999 |
_c364422 _d364422 |
||